| 000 | 00971nam a2200301Ia 4500 | ||
|---|---|---|---|
| 005 | 20220317001451.0 | ||
| 008 | 161108s2000 s g 000 f s | ||
| 015 | _q8423333256 | ||
| 020 | _a9788423333257 | ||
| 100 | 1 |
_aMahfuz, Naguib _d1911-2006 |
|
| 245 | 1 | 0 |
_aMiramar _cNaguib Mahfuz ; edición y traducción de Isabel Hervás Jávega |
| 250 | _aPrimera edición | ||
| 300 |
_a284 páginas _c18 cm |
||
| 490 | _aBooket : novela | ||
| 500 | _aBiblioteca Maguib Mahfuz | ||
| 650 | 1 | 4 |
_2LEMB _aNovela egipcia _ySiglo XX |
| 650 | 1 | 4 |
_2LEMB _aLiteratura egipcia _ySiglo XX |
| 650 | 1 | 4 |
_2LEMB _aAmor en la literatura |
| 650 | 1 | 4 |
_2LEMB _aCelos en la literatura |
| 700 | 1 |
_aHervás Jávega, Isabel _eeditora _9100246 |
|
| 942 |
_2loc _cBKLIT |
||
| 264 |
_aBarcelona _bDestino _c2000 |
||
| 336 |
_atexto _btxt _2rdacontent |
||
| 337 |
_asin mediación _bn _2rdamedia |
||
| 338 |
_avolumen _bnc _2rdacarrier |
||
| 040 |
_aCO-BoRNBP _bspa _erda _cCO-BoRNBP |
||
| 084 | _aN MAH2 | ||
| 999 |
_c7065 _d7065 |
||